000 00415nam a2200169Ia 4500
008 110201s9999 xx 000 0 und d
082 _bB10215
_aE 666
100 _aShilavati Ketkar
245 _aLook Back With me
260 _bWriters Workshop
365 _b150
600 _aShilavati Ketkar
630 _aLook Back With me
700 _aShilavati Ketkar
730 _aLook Back With me
942 _cBOOK
999 _c835625
_d835622